000 00577nam a2200217Ia 4500
003 OSt
005 20220928135607.0
006 a|||||r|||| 00| 0
007 ta
008 220927b |||||||| |||| 00| 0 eng d
024 _a3524
037 _cTextual
040 _aSDCL
_cSDCL
_beng
041 _2eng
_aeng
082 _aO-,1M09,2:g, K7
100 _aRyals Clyde de L
_9491833
245 0 _aFrom the great deep
_b Essays on Idylls of the king
260 _c1967
942 _hO-,1M09,2:g, K7
_cTEXL
_2CC
999 _c807259
_d807259